Politicko-ekonomické vzťahy Mexika a USA v 21. storočí diplomová práca

Na minha lista:
Detalhes bibliográficos
Autor principal: Marejka, Vladimír
Autor Corporativo: Fakulta medzinárodných vzťahov EU. Katedra medzinárodných ekonomických vzťahov a hospodárskej diplomacie
Outros Autores: Janubová, Barbora, 1991-
Formato: Livro
Idioma:eslovaco
Publicado em: Bratislava 2025
Tags: Adicionar Tag
Sem tags, seja o primeiro a adicionar uma tag!

MARC

LEADER 00000nbm a2200000 4500
001 0309526
005 20260115134543.4
041 0 |a slo 
044 |a SK 
245 1 0 |a Politicko-ekonomické vzťahy Mexika a USA v 21. storočí  |b diplomová práca  |c Vladimír Marejka ; školiteľ: Barbora Janubová 
264 1 |a Bratislava  |c 2025 
300 |a 94 s. 
100 1 |a Marejka, Vladimír 
700 1 |a Janubová, Barbora, 1991- 
710 2 |a Fakulta medzinárodných vzťahov EU. Katedra medzinárodných ekonomických vzťahov a hospodárskej diplomacie